000 00428nam a22001697a 4500
003 NUST - PNEC
005 20170116180840.0
008 150820b xxu||||| |||| 00| 0 eng d
020 _a-
040 _cLIBRARY
082 _a425 MAR
100 _95335
_aMartin, H.
245 _aA simple course of english grammer and composition
_cH. Martin
260 _c1968
650 _95336
_aEnglish Grammer
_xGeneral
942 _2ddc
_cBK
999 _c64390
_d64390